00683nam a22001457a 4500020002500000082001700025100002100042245007800063260007100141300001100212650002500223880003600248880011400284880013900398 a9789698535155 (HBK) a297.577bAHM aAssal, Ahmed El. aIslam ka khandani nizam /bAhmed Al Assal, translated by Amjad Ali Bhatti aIslamabad:bNational University of Sciences and Technology,c2015. a452 p. aIslam- Family System 6100-01\raاحمد العسال 6245-02\raاسلام کا خاندانی نظام/bاحمد العسال مترجم امجد علی بھٹی 6260-03\raاسلام آباد:bنیشنل یونیورسٹی سائنس اینڈ ٹیکنالوجی اسلام آباد،c2015